Normal view
MARC view
Entry Topical Term
001 - CONTROL NUMBER
- control field: 20061
003 - CONTROL NUMBER IDENTIFIER
- control field: HDC
005 - DATE AND TIME OF LATEST TRANSACTION
- control field: 20230624073555.0
008 - FIXED-LENGTH DATA ELEMENTS
- fixed length control field: 210320|| aca||aabn | a|a d
040 ## - CATALOGING SOURCE
- Original cataloging agency: HDC
- Transcribing agency: HDC
150 ## - HEADING--TOPICAL TERM
- Topical term or geographic name entry element: Maritime engineering
670 ## - SOURCE DATA FOUND
- Source citation: Work cat.: (HDC): Joy Lee, author 7661, Nurturing marine-based SMEs /
